000 00365nam a2200157Ia 4500
003 OSt
005 20240219160625.0
008 170524s9999 xx 000 0 und d
020 _a 978-0132556408
040 _cIIMT UNIVERSITY
100 _aHersay Paul
245 0 _aManagement of Organizational Behaviour
260 _bPHI
260 _c2007
942 _2ddc
_c02
999 _c4978
_d4978